[Event "Wolrd Chess Olympiad 2018"]
[Site "Batumi"]
[Date "2018.10.01"]
[Round "7"]
[Board "1"]
[WhiteFideId "16601661"]
[White "Tan Santiago Jr"]
[BlackFideId "9100024"]
[Black "Fancy Stuart"]
[Result "0-1"]
[LiveChessVersion "1.4.8"]
[BlackElo "1950"]
[WhiteElo "1823"]

1. e4 {[%clk 1:30:47]} d6 {[%clk 1:30:56]} 2. Nf3 {[%clk 1:31:00]} Nf6
{[%clk 1:31:19]} 3. Nc3 {[%clk 1:31:08]} g6 {[%clk 1:31:34]} 4. d4
{[%clk 1:30:45]} Bg7 {[%clk 1:32:00]} 5. h3 {[%clk 1:30:49]} O-O {[%clk 1:32:16]}
6. Be3 {[%clk 1:30:42]} a6 {[%clk 1:32:22]} 7. Qd2 {[%clk 1:30:48]} b5
{[%clk 1:32:39]} 8. a3 {[%clk 1:31:07]} Bb7 {[%clk 1:31:38]} 9. Bd3
{[%clk 1:31:14]} Nbd7 {[%clk 1:31:10]} 10. Bh6 {[%clk 1:31:03]} e5
{[%clk 1:31:16]} 11. Bxg7 {[%clk 1:30:36]} Kxg7 {[%clk 1:31:41]} 12. dxe5
{[%clk 1:30:50]} Nxe5 {[%clk 1:31:51]} 13. Nxe5 {[%clk 1:30:52]} dxe5
{[%clk 1:32:15]} 14. Rd1 {[%clk 1:30:48]} c5 {[%clk 1:27:19]} 15. Qg5
{[%clk 1:26:07]} Qc7 {[%clk 1:25:25]} 16. Qe3 {[%clk 1:25:37]} Rad8
{[%clk 1:19:56]} 17. O-O {[%clk 1:25:38]} Nh5 {[%clk 1:16:30]} 18. Rfe1
{[%clk 1:20:52]} b4 {[%clk 1:11:16]} 19. axb4 {[%clk 1:18:14]} cxb4
{[%clk 1:11:39]} 20. Ne2 {[%clk 1:16:49]} a5 {[%clk 1:09:29]} 21. b3
{[%clk 1:16:20]} Kh8 {[%clk 1:02:48]} 22. Qh6 {[%clk 1:11:15]} Ra8
{[%clk 1:01:28]} 23. Ra1 {[%clk 1:11:27]} Qc5 {[%clk 1:00:19]} 24. Rf1
{[%clk 1:10:18]} Ng7 {[%clk 1:00:02]} 25. g4 {[%clk 1:09:50]} Ne6
{[%clk 0:57:27]} 26. Kh2 {[%clk 1:09:06]} f6 {[%clk 0:55:00]} 27. Ra2
{[%clk 1:02:38]} Ng5 {[%clk 0:45:18]} 28. f3 {[%clk 1:00:25]} Qe3
{[%clk 0:44:44]} 29. Kg2 {[%clk 1:00:44]} Qd2 {[%clk 0:44:38]} 30. Qh4
{[%clk 1:00:38]} Nxe4 {[%clk 0:44:36]} 31. Bxe4 {[%clk 0:57:25]} Bxe4
{[%clk 0:44:50]} 32. Rf2 {[%clk 0:57:30]} Bb7 {[%clk 0:43:27]} 33. Ng3
{[%clk 0:55:47]} Qd1 {[%clk 0:41:09]} 34. Qh6 {[%clk 0:54:57]} Rf7
{[%clk 0:34:42]} 35. Rf1 {[%clk 0:52:14]} Qd4 {[%clk 0:28:27]} 36. Raa1
{[%clk 0:50:47]} Rc8 {[%clk 0:21:54]} 37. Rac1 {[%clk 0:47:34]} Rc3
{[%clk 0:17:59]} 38. Rf2 {[%clk 0:45:54]} g5 {[%clk 0:12:50]} 39. Nf5
{[%clk 0:44:04]} Qf4 {[%clk 0:11:49]} 40. Rcf1 {[%clk 1:12:28]} e4
{[%clk 0:41:46]} 41. Qh5 {[%clk 1:12:07]} exf3+ {[%clk 0:41:10]} 42. Kh1
{[%clk 1:12:19]} Bd5 {[%clk 0:32:25]} 43. Re1 {[%clk 1:11:11]} Qb8
{[%clk 0:26:53]} 44. Kg1 {[%clk 0:55:34]} Qf8 {[%clk 0:23:59]} 45. Kf1
{[%clk 0:51:35]} Rc8 {[%clk 0:20:39]} 46. Rd2 {[%clk 0:50:44]} Rd8
{[%clk 0:19:28]} 47. Red1 {[%clk 0:46:43]} Rfd7 {[%clk 0:19:14]} 48. Kf2
{[%clk 0:46:11]} Bf7 {[%clk 0:15:52]} 49. Rxd7 {[%clk 0:44:44]} Rxd7
{[%clk 0:16:17]} 50. Rxd7 {[%clk 0:43:33]} Bxh5 {[%clk 0:16:40]} 51. gxh5
{[%clk 0:43:51]} Qc5+ {[%clk 0:16:57]} 52. Nd4 {[%clk 0:44:06]} Qc8
{[%clk 0:16:22]} 53. Re7 {[%clk 0:43:09]} Qxh3 {[%clk 0:16:25]} 54. h6
{[%clk 0:42:55]} Kg8 {[%clk 0:16:15]} 55. Rg7+ {[%clk 0:37:40]} Kf8
{[%clk 0:16:03]} 56. Nxf3 {[%clk 0:37:01]} Qxh6 {[%clk 0:16:25]} 57. Ra7
{[%clk 0:37:14]} g4 {[%clk 0:16:50]} 58. Nd4 {[%clk 0:36:38]} 0-1

[Event "Wolrd Chess Olympiad 2018"]
[Site "Batumi"]
[Date "2018.10.01"]
[Round "7"]
[Board "2"]
[WhiteFideId "9100075"]
[White "Press Shaun"]
[BlackFideId "16601491"]
[Black "Salvadora Angelo"]
[Result "1-0"]
[LiveChessVersion "1.4.8"]
[BlackElo "1772"]
[WhiteElo "1935"]

1. e4 {[%clk 1:30:57]} e5 {[%clk 1:30:42]} 2. Nf3 {[%clk 1:31:22]} Nc6
{[%clk 1:29:56]} 3. Bb5 {[%clk 1:31:44]} Qf6 {[%clk 1:29:40]} 4. Nc3
{[%clk 1:31:41]} Nge7 {[%clk 1:29:08]} 5. O-O {[%clk 1:31:18]} a6
{[%clk 1:29:16]} 6. Ba4 {[%clk 1:31:31]} b5 {[%clk 1:28:42]} 7. Bb3
{[%clk 1:31:54]} Na5 {[%clk 1:22:53]} 8. d4 {[%clk 1:27:36]} Nxb3
{[%clk 1:20:25]} 9. dxe5 {[%clk 1:27:38]} Qg6 {[%clk 1:18:23]} 10. axb3
{[%clk 1:27:46]} d6 {[%clk 1:16:43]} 11. Bf4 {[%clk 1:24:17]} Bg4
{[%clk 1:13:51]} 12. exd6 {[%clk 1:23:46]} Bxf3 {[%clk 1:13:36]} 13. Qxf3
{[%clk 1:24:05]} cxd6 {[%clk 1:13:32]} 14. Nxb5 {[%clk 1:23:39]} Rd8
{[%clk 1:10:31]} 15. Rxa6 {[%clk 1:22:35]} Nc8 {[%clk 1:10:22]} 16. e5
{[%clk 1:18:19]} Be7 {[%clk 1:07:57]} 17. exd6 {[%clk 1:16:55]} O-O
{[%clk 1:05:00]} 18. Rfa1 {[%clk 1:09:14]} Bf6 {[%clk 1:04:53]} 19. c3
{[%clk 1:02:46]} Rd7 {[%clk 1:02:38]} 20. h3 {[%clk 1:01:39]} Rfd8
{[%clk 1:02:38]} 21. Qe3 {[%clk 0:53:35]} h6 {[%clk 1:00:52]} 22. Qc1
{[%clk 0:45:30]} Bh4 {[%clk 0:58:05]} 23. c4 {[%clk 0:44:18]} Bg5
{[%clk 0:48:28]} 24. Bxg5 {[%clk 0:44:26]} hxg5 {[%clk 0:48:45]} 25. c5
{[%clk 0:44:20]} Rb7 {[%clk 0:31:47]} 26. Qc4 {[%clk 0:41:57]} Qf5
{[%clk 0:31:26]} 27. Nd4 {[%clk 0:41:42]} Qf4 {[%clk 0:24:28]} 28. Nc6
{[%clk 0:40:51]} Qxc4 {[%clk 0:17:43]} 29. bxc4 {[%clk 0:41:30]} Nxd6
{[%clk 0:17:48]} 30. Nxd8 1-0

[Event "Wolrd Chess Olympiad 2018"]
[Site "Batumi"]
[Date "2018.10.01"]
[Round "7"]
[Board "3"]
[WhiteFideId "16600614"]
[White "Cabuso Rustum"]
[BlackFideId "9100032"]
[Black "Marko Helmut"]
[Result "0-1"]
[LiveChessVersion "1.4.8"]
[BlackElo "1902"]
[WhiteElo "1730"]

1. Nf3 {[%clk 1:30:49]} c5 {[%clk 1:30:29]} 2. e4 {[%clk 1:30:46]} Nc6
{[%clk 1:30:30]} 3. Nc3 {[%clk 1:29:42]} g6 {[%clk 1:29:37]} 4. d3
{[%clk 1:27:45]} Bg7 {[%clk 1:29:32]} 5. Bd2 {[%clk 1:27:38]} Nf6
{[%clk 1:28:53]} 6. Be2 {[%clk 1:27:14]} O-O {[%clk 1:28:16]} 7. O-O
{[%clk 1:25:41]} d5 {[%clk 1:25:38]} 8. exd5 {[%clk 1:22:38]} Nxd5
{[%clk 1:25:49]} 9. Qe1 {[%clk 1:19:36]} Ndb4 {[%clk 1:21:12]} 10. Bd1
{[%clk 1:14:47]} Bg4 {[%clk 1:19:00]} 11. Rc1 {[%clk 1:09:49]} Bf5
{[%clk 1:07:22]} 12. Be2 {[%clk 1:07:03]} e5 {[%clk 1:01:14]} 13. a3
{[%clk 1:04:39]} Nd5 {[%clk 1:01:00]} 14. Ne4 {[%clk 1:01:21]} b6
{[%clk 1:00:15]} 15. b3 {[%clk 0:59:06]} Re8 {[%clk 0:58:47]} 16. h4
{[%clk 0:54:01]} h5 {[%clk 0:56:33]} 17. Qd1 {[%clk 0:49:43]} Nf4
{[%clk 0:53:52]} 18. g3 {[%clk 0:45:43]} Nxe2+ {[%clk 0:53:22]} 19. Qxe2
{[%clk 0:45:12]} Bg4 {[%clk 0:52:29]} 20. Qe3 {[%clk 0:44:32]} f5
{[%clk 0:43:46]} 21. Neg5 {[%clk 0:38:31]} Nd4 {[%clk 0:43:17]} 22. Rfe1
{[%clk 0:34:52]} Qd5 {[%clk 0:39:34]} 23. Nh2 {[%clk 0:30:56]} e4
{[%clk 0:32:33]} 24. dxe4 {[%clk 0:26:54]} fxe4 {[%clk 0:30:59]} 25. Nxg4
{[%clk 0:21:51]} hxg4 {[%clk 0:30:56]} 26. c4 {[%clk 0:18:13]} Qf5
{[%clk 0:30:03]} 27. Bc3 {[%clk 0:13:01]} Rad8 {[%clk 0:24:32]} 28. Kf1
{[%clk 0:10:02]} Nf3 {[%clk 0:22:30]} 29. Red1 {[%clk 0:07:29]} Bd4
{[%clk 0:16:05]} 30. Qf4 {[%clk 0:06:01]} Qxf4 {[%clk 0:15:51]} 31. gxf4
{[%clk 0:06:17]} Nxh4 {[%clk 0:14:46]} 32. Re1 {[%clk 0:06:13]} e3
{[%clk 0:11:13]} 33. fxe3 {[%clk 0:04:56]} Bxe3 {[%clk 0:08:39]} 34. Rcd1
{[%clk 0:05:20]} Nf5 {[%clk 0:08:07]} 35. Be5 {[%clk 0:05:13]} Rxd1
{[%clk 0:07:10]} 36. Rxd1 {[%clk 0:05:39]} Bd4 {[%clk 0:07:07]} 37. Re1
{[%clk 0:05:56]} Ne3+ {[%clk 0:06:16]} 38. Ke2 {[%clk 0:05:26]} Nc2
{[%clk 0:06:11]} 39. Rh1 {[%clk 0:04:42]} Bxe5 {[%clk 0:06:20]} 40. fxe5
{[%clk 0:33:57]} Rxe5+ {[%clk 0:36:43]} 41. Kd3 {[%clk 0:33:59]} Rxg5
{[%clk 0:33:55]} 42. Kxc2 {[%clk 0:34:17]} g3 {[%clk 0:34:03]} 43. Kd2
{[%clk 0:33:27]} g2 {[%clk 0:34:19]} 44. Rg1 {[%clk 0:33:54]} Kg7
{[%clk 0:34:07]} 45. Ke2 {[%clk 0:30:43]} Rg3 {[%clk 0:34:17]} 46. b4
{[%clk 0:29:15]} Rxa3 {[%clk 0:34:28]} 47. bxc5 {[%clk 0:29:27]} bxc5
{[%clk 0:34:42]} 48. Kf2 {[%clk 0:29:35]} Ra2+ {[%clk 0:34:46]} 49. Kg3
{[%clk 0:29:13]} a5 {[%clk 0:34:36]} 50. Kh2 {[%clk 0:29:38]} a4 {[%clk 0:34:46]}
51. Rb1 {[%clk 0:29:19]} a3 {[%clk 0:34:55]} 52. Rb5 {[%clk 0:28:31]} Rb2
{[%clk 0:35:08]} 53. Rxc5 {[%clk 0:27:48]} a2 {[%clk 0:35:12]} 54. Rc7+
{[%clk 0:28:09]} Kf6 {[%clk 0:35:08]} 55. Ra7 {[%clk 0:27:25]} g1=Q+
{[%clk 0:35:14]} 56. Kxg1 {[%clk 0:27:18]} Rb1+ {[%clk 0:35:36]} 57. Kf2
{[%clk 0:27:25]} a1=Q {[%clk 0:35:57]} 58. Rxa1 {[%clk 0:27:38]} Rxa1
{[%clk 0:36:19]} 59. Ke3 {[%clk 0:28:05]} 0-1

[Event "World Chess Olympiad 2018"]
[Site "Batumi"]
[Date "2018.10.01"]
[Round "7"]
[Board "1"]
[WhiteFideId "20700245"]
[White "Hlophe Smilo"]
[BlackFideId "1950711"]
[Black "Monteiro Antonio"]
[Result "1-0"]
[LiveChessVersion "1.4.8"]
[BlackElo "1877"]
[WhiteElo "1608"]

1. Nf3 {[%clk 1:29:22]} Nf6 {[%clk 1:30:53]} 2. c4 {[%clk 1:29:49]} c5
{[%clk 1:30:50]} 3. g3 {[%clk 1:30:14]} Nc6 {[%clk 1:30:49]} 4. Bg2
{[%clk 1:30:39]} g6 {[%clk 1:30:28]} 5. Nc3 {[%clk 1:31:06]} Bg7 {[%clk 1:30:33]}
6. d3 {[%clk 1:31:35]} O-O {[%clk 1:30:24]} 7. O-O {[%clk 1:32:04]} d6
{[%clk 1:30:19]} 8. Bf4 {[%clk 1:32:26]} e5 {[%clk 1:28:30]} 9. Bg5
{[%clk 1:30:36]} h6 {[%clk 1:26:03]} 10. Bxf6 {[%clk 1:31:00]} Bxf6
{[%clk 1:26:13]} 11. Nd5 {[%clk 1:31:29]} Bg7 {[%clk 1:26:02]} 12. Qb3
{[%clk 1:28:36]} Na5 {[%clk 1:24:24]} 13. Qc2 {[%clk 1:28:48]} Nc6
{[%clk 1:24:45]} 14. a3 {[%clk 1:29:10]} a5 {[%clk 1:23:20]} 15. Qb3
{[%clk 1:27:56]} Rb8 {[%clk 1:20:21]} 16. e3 {[%clk 1:17:34]} Be6
{[%clk 1:15:57]} 17. Nd2 {[%clk 1:17:49]} Kh7 18. Nb1 {[%clk 1:13:18]} f5
{[%clk 1:10:50]} 19. Nbc3 {[%clk 1:12:03]} h5 {[%clk 1:03:47]} 20. h4
{[%clk 1:04:27]} f4 {[%clk 0:55:24]} 21. Be4 {[%clk 0:58:35]} Bh6
{[%clk 0:48:35]} 22. Qd1 {[%clk 0:58:45]} Bg4 {[%clk 0:44:57]} 23. Qd2
{[%clk 0:54:29]} Bh3 {[%clk 0:41:05]} 24. Bg2 {[%clk 0:53:11]} Bxg2
{[%clk 0:38:46]} 25. Kxg2 {[%clk 0:53:38]} Qd7 {[%clk 0:36:35]} 26. Ne4
{[%clk 0:52:15]} Qe6 {[%clk 0:33:15]} 27. exf4 {[%clk 0:50:21]} exf4
{[%clk 0:32:47]} 28. Nxf4 {[%clk 0:50:34]} Bxf4 {[%clk 0:32:28]} 29. Qxf4
{[%clk 0:50:49]} Rxf4 {[%clk 0:27:53]} 30. Ng5+ {[%clk 0:51:11]} Kh8
{[%clk 0:27:12]} 31. Nxe6 {[%clk 0:51:36]} Rf6 {[%clk 0:27:09]} 32. Nc7
{[%clk 0:43:14]} Ne5 {[%clk 0:26:19]} 33. Rad1 {[%clk 0:41:14]} Rbf8
{[%clk 0:23:16]} 34. f4 {[%clk 0:40:17]} Nc6 {[%clk 0:15:50]} 35. Rfe1
{[%clk 0:38:03]} Kg8 {[%clk 0:15:04]} 36. Re4 {[%clk 0:36:00]} Kf7
{[%clk 0:12:41]} 37. Nd5 {[%clk 0:35:36]} Re6 {[%clk 0:11:33]} 38. Rde1
{[%clk 0:34:50]} Rfe8 {[%clk 0:09:43]} 39. Rxe6 {[%clk 0:30:01]} Rxe6
{[%clk 0:10:00]} 40. Rxe6 {[%clk 1:00:23]} Kxe6 {[%clk 0:40:18]} 41. Kh3
{[%clk 0:53:58]} Nd4 {[%clk 0:37:32]} 42. Kg2 {[%clk 0:46:12]} Nf5
{[%clk 0:36:31]} 43. Kf2 {[%clk 0:44:40]} Kd7 {[%clk 0:34:27]} 44. a4
{[%clk 0:44:48]} Ke6 {[%clk 0:33:04]} 45. Ne3 {[%clk 0:37:59]} Nd4
{[%clk 0:32:08]} 46. g4 {[%clk 0:34:36]} Nc6 {[%clk 0:30:35]} 47. g5
{[%clk 0:34:47]} Nb4 {[%clk 0:30:07]} 48. Ke2 {[%clk 0:34:12]} Nc6
{[%clk 0:28:26]} 49. Kf3 {[%clk 0:34:24]} Ne7 {[%clk 0:26:36]} 50. Ke4
{[%clk 0:34:13]} b6 {[%clk 0:22:15]} 51. b3 {[%clk 0:34:42]} Nc6 {[%clk 0:21:42]}
52. f5+ {[%clk 0:33:52]} gxf5+ {[%clk 0:20:38]} 53. Nxf5 {[%clk 0:34:07]} Ne5
{[%clk 0:20:11]} 54. Ng7+ {[%clk 0:33:30]} Ke7 {[%clk 0:18:37]} 55. Nxh5
{[%clk 0:31:36]} Ng6 {[%clk 0:18:40]} 56. Ng7 {[%clk 0:31:26]} Kf7
{[%clk 0:17:43]} 57. Nf5 {[%clk 0:31:44]} Ke6 {[%clk 0:17:27]} 58. h5
{[%clk 0:31:42]} Ne5 {[%clk 0:17:09]} 59. g6 {[%clk 0:31:26]} Ng4
{[%clk 0:17:07]} 60. Kf4 {[%clk 0:27:57]} Nf2 {[%clk 0:12:33]} 61. h6
{[%clk 0:26:25]} Kf6 {[%clk 0:12:37]} 62. h7 {[%clk 0:26:34]} 1-0

[Event "World Chess Olympiad 2018"]
[Site "Batumi"]
[Date "2018.10.01"]
[Round "7"]
[Board "2"]
[WhiteFideId "1928112"]
[White "Pereira Eder Marcio"]
[BlackFideId "20700113"]
[Black "Mbongeni Mabuza"]
[Result "1/2-1/2"]
[LiveChessVersion "1.4.8"]
[BlackElo "1560"]
[WhiteElo "1781"]

1. d4 {[%clk 1:30:44]} f5 {[%clk 1:29:56]} 2. Bg5 {[%clk 1:29:52]} Nf6
{[%clk 1:29:49]} 3. Bxf6 {[%clk 1:27:01]} exf6 {[%clk 1:30:18]} 4. a3
{[%clk 1:22:49]} d5 {[%clk 1:30:04]} 5. Nc3 {[%clk 1:22:31]} c6 {[%clk 1:29:52]}
6. e3 {[%clk 1:21:36]} Bd6 {[%clk 1:30:11]} 7. Qh5+ {[%clk 1:20:27]} g6
{[%clk 1:28:53]} 8. Qh6 {[%clk 1:16:16]} Kf7 {[%clk 1:26:33]} 9. Bd3
{[%clk 1:11:27]} Nd7 {[%clk 1:24:09]} 10. Nge2 {[%clk 1:05:19]} b5
{[%clk 1:24:24]} 11. O-O {[%clk 1:01:15]} Nb6 {[%clk 1:22:53]} 12. b3
{[%clk 0:50:43]} Qe7 {[%clk 1:22:02]} 13. Nf4 {[%clk 0:46:36]} Bd7
{[%clk 1:21:05]} 14. Nb1 {[%clk 0:42:55]} a5 {[%clk 1:19:45]} 15. Re1
{[%clk 0:38:23]} Qf8 {[%clk 1:19:49]} 16. Qxf8+ {[%clk 0:36:50]} Rhxf8
{[%clk 1:20:03]} 17. Ne2 {[%clk 0:37:12]} Rfe8 {[%clk 1:20:09]} 18. Kf1
{[%clk 0:35:40]} h5 {[%clk 1:18:02]} 19. Nd2 {[%clk 0:34:24]} b4 {[%clk 1:16:06]}
20. a4 {[%clk 0:34:09]} h4 {[%clk 1:10:24]} 21. g3 {[%clk 0:29:42]} Rh8
{[%clk 1:09:56]} 22. Kg2 {[%clk 0:29:23]} g5 {[%clk 1:09:01]} 23. f3
{[%clk 0:27:04]} Rae8 {[%clk 1:06:43]} 24. e4 {[%clk 0:26:35]} fxe4
{[%clk 1:06:33]} 25. fxe4 {[%clk 0:26:43]} c5 {[%clk 1:04:03]} 26. Rad1
{[%clk 0:19:11]} cxd4 {[%clk 1:01:37]} 27. Nxd4 {[%clk 0:18:56]} hxg3
{[%clk 1:01:13]} 28. hxg3 {[%clk 0:17:58]} Rh3 {[%clk 0:53:12]} 29. Nf1
{[%clk 0:16:14]} Be5 {[%clk 0:24:46]} 30. Nf5 {[%clk 0:15:24]} Bxf5
{[%clk 0:23:21]} 31. exf5 {[%clk 0:15:45]} Rhh8 {[%clk 0:23:19]} 32. Bb5
{[%clk 0:15:52]} Rc8 {[%clk 0:23:13]} 33. Re2 {[%clk 0:11:35]} Rc3
{[%clk 0:22:36]} 34. Bd3 {[%clk 0:11:40]} Nd7 {[%clk 0:21:35]} 35. Bb5
{[%clk 0:10:08]} Nb6 {[%clk 0:21:28]} 36. Ne3 {[%clk 0:05:40]} d4
{[%clk 0:20:11]} 37. Nf1 {[%clk 0:04:24]} Rhc8 {[%clk 0:19:04]} 38. Rdd2
{[%clk 0:03:07]} R8c7 {[%clk 0:18:29]} 39. Rf2 {[%clk 0:01:52]} Ke7
{[%clk 0:18:25]} 40. Rde2 {[%clk 0:31:53]} Nd5 {[%clk 0:47:47]} 41. Bd3
{[%clk 0:28:39]} Kd6 {[%clk 0:46:47]} 42. Kf3 {[%clk 0:28:10]} R3c5
{[%clk 0:39:42]} 43. Nd2 {[%clk 0:27:09]} Nc3 {[%clk 0:36:05]} 44. Ne4+
{[%clk 0:23:56]} Nxe4 {[%clk 0:36:21]} 45. Rxe4 {[%clk 0:24:16]} Rh7
{[%clk 0:34:11]} 46. Ree2 {[%clk 0:24:36]} Rh3 {[%clk 0:33:47]} 47. Rg2
{[%clk 0:24:48]} Rc7 {[%clk 0:33:18]} 48. Re4 {[%clk 0:20:01]} Rch7
{[%clk 0:31:10]} 49. Ree2 {[%clk 0:17:50]} R7h4 {[%clk 0:30:04]} 50. Re4
{[%clk 0:17:40]} Rf4+ {[%clk 0:25:22]} 51. Rxf4 {[%clk 0:13:33]} gxf4
{[%clk 0:25:44]} 52. Kg4 {[%clk 0:13:56]} Rxg3+ {[%clk 0:26:00]} 53. Rxg3
{[%clk 0:14:18]} fxg3 {[%clk 0:26:27]} 54. Kf3 {[%clk 0:14:39]} Ke7
{[%clk 0:26:19]} 55. Be4 {[%clk 0:13:29]} Kf7 {[%clk 0:26:18]} 56. Kg4
{[%clk 0:13:53]} Kg7 {[%clk 0:26:04]} 57. Bg2 {[%clk 0:14:07]} Kf7
{[%clk 0:25:56]} 58. Kf3 {[%clk 0:13:15]} Ke7 {[%clk 0:26:14]} 59. Ke4
{[%clk 0:13:39]} Kd6 {[%clk 0:26:28]} 60. Bf3 {[%clk 0:13:54]} Kc5
{[%clk 0:26:49]} 61. Kd3 {[%clk 0:13:49]} Bf4 {[%clk 0:26:53]} 62. Ke4
{[%clk 0:13:22]} Be3 {[%clk 0:25:05]} 63. Bg2 {[%clk 0:13:15]} Kd6
{[%clk 0:25:16]} 64. Bf3 {[%clk 0:13:39]} 1/2-1/2

[Event "World Chess Olympiad 2018"]
[Site "Batumi"]
[Date "2018.10.01"]
[Round "7"]
[Board "3"]
[WhiteFideId "20700059"]
[White "Mziyako Sobhi"]
[BlackFideId "23600110"]
[Black "Barros Luis"]
[Result "0-1"]
[LiveChessVersion "1.4.8"]
[BlackElo "1774"]
[WhiteElo "1405"]

1. e4 {[%clk 1:30:57]} c5 {[%clk 1:30:43]} 2. Nf3 {[%clk 1:31:13]} Nc6
{[%clk 1:30:54]} 3. d4 {[%clk 1:31:33]} cxd4 {[%clk 1:28:32]} 4. Nxd4
{[%clk 1:31:55]} Nxd4 {[%clk 1:28:49]} 5. Qxd4 {[%clk 1:32:11]} Qc7
{[%clk 1:27:38]} 6. Nc3 {[%clk 1:31:25]} e5 {[%clk 1:27:44]} 7. Qd1
{[%clk 1:31:15]} Nf6 {[%clk 1:27:46]} 8. Bd3 {[%clk 1:30:53]} a6 {[%clk 1:27:17]}
9. a3 {[%clk 1:29:22]} b5 {[%clk 1:27:18]} 10. Be3 {[%clk 1:28:59]} Bb7
{[%clk 1:23:37]} 11. Qe2 {[%clk 1:26:22]} Rd8 {[%clk 1:23:09]} 12. f3
{[%clk 1:23:16]} Be7 {[%clk 1:23:02]} 13. O-O {[%clk 1:23:13]} d5
{[%clk 1:22:02]} 14. exd5 {[%clk 1:23:21]} Nxd5 {[%clk 1:22:13]} 15. Nxd5
{[%clk 1:22:57]} Bxd5 {[%clk 1:22:30]} 16. Qf2 {[%clk 1:20:01]} Qb7
{[%clk 1:21:48]} 17. Rac1 {[%clk 1:19:29]} O-O {[%clk 1:21:23]} 18. Rfd1
{[%clk 1:19:26]} f5 {[%clk 1:20:40]} 19. Qe1 {[%clk 1:13:22]} e4 {[%clk 1:16:01]}
20. fxe4 {[%clk 1:12:46]} fxe4 {[%clk 1:16:15]} 21. Bf1 {[%clk 1:12:50]} Rf5
{[%clk 1:15:30]} 22. b4 {[%clk 1:02:45]} Rdf8 {[%clk 1:15:27]} 23. Qg3
{[%clk 0:47:44]} R8f6 {[%clk 1:10:38]} 24. c4 {[%clk 0:45:07]} Rg6
{[%clk 1:07:46]} 25. Qe1 {[%clk 0:44:45]} bxc4 {[%clk 1:02:22]} 26. Bxc4
{[%clk 0:44:31]} Bxc4 {[%clk 1:02:37]} 27. Rxc4 {[%clk 0:44:30]} Rgf6
{[%clk 1:02:20]} 28. Qc3 {[%clk 0:43:33]} h6 {[%clk 0:56:52]} 29. Rc7
{[%clk 0:43:36]} Qb5 {[%clk 0:56:58]} 30. Rxe7 {[%clk 0:43:33]} Rf1+
{[%clk 0:57:03]} 0-1

[Event "World Chess Olympiad 2018"]
[Site "Batumi"]
[Date "2018.10.01"]
[Round "7"]
[Board "4"]
[WhiteFideId "23600179"]
[White "Fernandes Luis De Pina"]
[BlackFideId "20700784"]
[Black "Sihlongonyane Sikhanyiso"]
[Result "0-1"]
[LiveChessVersion "1.4.8"]
[BlackElo "1408"]
[WhiteElo "1654"]

1. e4 {[%clk 1:30:55]} c5 {[%clk 1:30:38]} 2. Nf3 {[%clk 1:31:10]} d6
{[%clk 1:30:58]} 3. Bb5+ {[%clk 1:31:13]} Nd7 {[%clk 1:30:06]} 4. d4
{[%clk 1:29:04]} cxd4 {[%clk 1:26:20]} 5. Nxd4 {[%clk 1:29:08]} Ngf6
{[%clk 1:25:26]} 6. Nc3 {[%clk 1:27:59]} e6 {[%clk 1:24:36]} 7. O-O
{[%clk 1:26:34]} Be7 {[%clk 1:24:51]} 8. Be3 {[%clk 1:17:37]} O-O
{[%clk 1:25:07]} 9. f3 {[%clk 1:15:38]} a6 {[%clk 1:20:33]} 10. Be2
{[%clk 1:14:06]} Qc7 {[%clk 1:20:09]} 11. Qd2 {[%clk 1:12:44]} b5
{[%clk 1:15:59]} 12. a3 {[%clk 1:12:02]} Bb7 {[%clk 1:16:10]} 13. Rac1
{[%clk 1:02:44]} Rac8 {[%clk 1:11:20]} 14. Na2 {[%clk 1:02:21]} d5
{[%clk 1:09:35]} 15. Bd3 {[%clk 0:56:59]} dxe4 {[%clk 1:08:27]} 16. fxe4
{[%clk 0:56:36]} Bxe4 {[%clk 1:04:06]} 17. Bxe4 {[%clk 0:55:33]} Nxe4
{[%clk 1:04:27]} 18. Qe2 {[%clk 0:55:10]} Ndf6 {[%clk 1:03:40]} 19. c4
{[%clk 0:49:18]} bxc4 {[%clk 1:03:34]} 20. Nc3 {[%clk 0:49:15]} Nxc3
{[%clk 1:03:27]} 21. Rxc3 {[%clk 0:49:30]} Nd5 {[%clk 1:03:35]} 22. Rc2
{[%clk 0:49:14]} Nxe3 {[%clk 1:03:21]} 23. Qxe3 {[%clk 0:48:42]} Bc5
{[%clk 1:03:20]} 24. Qc3 {[%clk 0:44:57]} e5 {[%clk 0:59:41]} 25. Kh1
{[%clk 0:44:15]} Bxd4 {[%clk 1:00:03]} 26. Qf3 {[%clk 0:43:58]} Qc6
{[%clk 0:58:51]} 27. Qxc6 {[%clk 0:44:16]} Rxc6 {[%clk 0:59:02]} 28. Rfc1
{[%clk 0:44:23]} Rfc8 {[%clk 0:57:51]} 29. b3 {[%clk 0:44:51]} c3
{[%clk 0:58:08]} 30. b4 {[%clk 0:44:46]} Rc4 {[%clk 0:58:27]} 31. g3
{[%clk 0:43:38]} f5 {[%clk 0:58:40]} 32. Kg2 {[%clk 0:44:06]} Kf7
{[%clk 0:58:54]} 33. Rf1 {[%clk 0:43:47]} Ke6 {[%clk 0:59:17]} 34. Kf3
{[%clk 0:43:24]} g5 {[%clk 0:58:54]} 35. g4 {[%clk 0:43:44]} e4+ {[%clk 0:59:12]}
36. Kg3 {[%clk 0:43:18]} f4+ {[%clk 0:59:25]} 37. Kg2 {[%clk 0:43:30]} Ke5
{[%clk 0:59:23]} 38. h4 {[%clk 0:43:47]} gxh4 {[%clk 0:57:54]} 39. Rh1
{[%clk 0:44:14]} f3+ {[%clk 0:58:15]} 40. Kf1 {[%clk 1:14:23]} e3
{[%clk 1:28:22]} 41. Rxh4 {[%clk 1:14:14]} e2+ {[%clk 1:28:43]} 42. Ke1
{[%clk 1:14:12]} Be3 {[%clk 1:28:54]} 43. Rxe2 {[%clk 1:11:59]} fxe2
{[%clk 1:29:03]} 44. Kxe2 {[%clk 1:12:27]} c2 {[%clk 1:29:19]} 45. Rh5+
{[%clk 1:12:46]} Kd4 {[%clk 1:29:34]} 46. g5 {[%clk 1:12:44]} c1=Q
{[%clk 1:29:49]} 0-1